000 02142cad a2200265 4500
001 ##L133813
008 110801e2006 000 0 eng u
035 _a(Sirsi) u133813
041 0 _aeng
245 0 0 _aOxfordshire County Council v Oxford City Council and Catherine Mary Robinson and others
260 _c2006
520 _a[2006] UKHL 25, 24 May 2006. Concerns the period of use for sports and leisure pursuits required in order to satisfy the definition of town or village green for the purposes of the Commons Registration Act 1965 S22(1A). Appeal by R against a decision ([2005] EWCA Civ 175, Abs68865) which gave guidance on matters arising from R's application under the 1965 Act for registration of land owned by OCC as a town or village green. R had applied for registration of the land as a class c green within s22(1A) of the Act on the grounds that local residents had used the land lawfully as of right for leisure pursuits for an unbroken period of 20 years and continued to do so. OCC objected to R's application for registration despite the recommendation of a non-statutory inquiry. OCC sought the direction of the court for determination on a number of issues. "Held": the inhabitants of a locality must in order to satisfy the definition of town or village green in s22(1A) of the Act, continue to use the land for sports and related pastimes for a period of 20 years until the date.
590 _aIKA200606
650 2 4 _aCOMMONS REGISTRATION ACT 1965 S22(1A)
650 2 4 _aCOMMONS REGISTRATION ACT 1965 S10
650 2 4 _aR V SOUTH GLOUCESTERSHIRE DC EX P CHELTENHAM BUILDERS LTD
650 2 4 _aOXFORDSHIRE CC V OXFORD CITY COUNCIL AND ANOTHER
650 2 4 _aR V SUFFOLK CC EX P STEED
650 2 4 _aR V NORFOLK CC EX P PERRY
650 2 4 _aPYE (OXFORD) LTD & ANOR V UNITED KINGDOM
651 4 _aEngland and Wales
_y1543-
690 _aPROPERTY-PROPERTY ACQUISITION AND DISPOSAL-REGISTRATION OF TITLE TO PROPERTY-LAND REGISTRATION
856 4 0 _uhttps://www.publications.parliament.uk/pa/ld200506/ldjudgmt/jd060524/oxf.pdf
_zView the judgment free of charge at www.publications.parliament.uk
942 _n0
999 _c77220
_d77220